000 00386nam a2200157Ia 4500
008 230711s9999||||xx |||||||||||||| ||und||
041 _aENG
082 _a621.381
_bSI-E
100 _aSinclair,Ian R
245 0 _aPractical electronics handbook
250 _a1st Ed.
260 _c1987
_aNew Delhi
_bHeinemann Press
300 _a194
650 _aElectronics Engineering
942 _cBK
999 _c1913
_d1913